000
00282nam a2200133Ia 4500
005
20251222155105.0
008
251222s9999||||xx |||||||||||||| ||spa||
082
_a
ESC. 29
100
_a
Gasrozepina.
245
0
_a
El Vago
250
_a
No ed.
264
_b
No tiene
942
_c
LIB
999
_c
37834
_d
37834